C'est Disney ? - Statistiques

Statistiques générales
  • Ce quiz a été pris 4 700 fois
    4 641 depuis la dernière actualisation
  • Le résultat moyen est 13 sur 16
Statistiques - réponses
Question Tuile Select % Correct
Ces films sont-ils des Classiques Disney ? Mulan Oui
97%
Ces films sont-ils des Classiques Disney ? Azur et Asmar Non
96%
Ces films sont-ils des Classiques Disney ? Les Schtroumpfs 2 Non
96%
Ces films sont-ils des Classiques Disney ? L'Âge de Glace 3 Non
93%
Ces films sont-ils des Classiques Disney ? Fourmiz Non
92%
Ces films sont-ils des Classiques Disney ? Shrek Non
92%
Ces films sont-ils des Classiques Disney ? Aladdin et le Roi des Voleurs Oui
90%
Ces films sont-ils des Classiques Disney ? Comme des Bêtes Non
90%
Ces films sont-ils des Classiques Disney ? Cendrillon 2 Oui
89%
Ces films sont-ils des Classiques Disney ? Fantasia Oui
88%
Ces films sont-ils des Classiques Disney ? Le Livre de la Jungle 2 Oui
87%
Ces films sont-ils des Classiques Disney ? 1001 Pattes Oui
63%
Ces films sont-ils des Classiques Disney ? Toy Story 4 Oui
63%
Ces films sont-ils des Classiques Disney ? Star Wars VII : Le Réveil de la Force Non
60%
Ces films sont-ils des Classiques Disney ? Danny, le Petit Mouton Noir Oui
28%
Ces films sont-ils des Classiques Disney ? Le Retour de Mary Poppins Non
28%
Aucun quiz correspondant
Distribution des résultats
% des personnes avec chaque résultat
Percentile par nombre de réponses
Votre historique - résultats
Vous n’avez pas pris ce quiz depuis la dernière actualisation